000 00635nam a2200205Ia 4500
003 GCL
008 140319s9999 xx 000 0 ara d
040 _aGCL /
_cGCL
082 0 4 _a780.9
_bف ا
100 1 _aالفاتح الطاهر
245 1 0 _aانا امدرمان تاريخ الموسيقى فى السودان /
_cالفاتح الطاهر
260 _a[S.N] :
_bحصاد للانتاج الفنى والنشر ،
_c1993
300 _a128 ص
490 _a
650 0 4 _aالسودان
650 0 4 _aالموسيقى
650 0 4 _aالموسيقى الشرقية
650 0 4 _aتاريخ ونقد
942 _2ddc
_cBK
999 _c36523
_d36523